| 000 | 00696cam a2200193 4500 | ||
|---|---|---|---|
| 001 | WS116134 | ||
| 008 | 020104n 000 0 eng u | ||
| 035 | _a(Sirsi) u116134 | ||
| 245 | _aVirtual Museum of Surveying | ||
| 520 | _aAmerican web site on the history of surveying. Includes articles and photos, a directory of compass makers and details of surveying instruments. | ||
| 650 | _aHISTORY | ||
| 650 | _aUSA | ||
| 650 | _aINTERNATIONAL | ||
| 650 | _aSURVEYING INSTRUMENTS | ||
| 650 | _aCOMPASSES | ||
| 690 | _aMANAGEMENT-BUSINESS MANAGEMENT-PROFESSIONAL PRACTICE | ||
| 856 | 4 | 0 |
_uhttps://www.surveyhistory.org _zView the website free of charge at www.surveyhistory.org... |
| 942 | _n0 | ||
| 999 |
_c119957 _d119957 |
||